[Event "Skalica op"]
[Site "Skalica"]
[Date "2019.08.31"]
[Round "9"]
[White "Hrbek, Stepan"]
[Black "Gresova, Zuzana"]
[Result "1-0"]
[WhiteElo "2066"]
[BlackElo "2008"]
[PlyCount "63"]
[EventDate "2019.08.25"]
[EventType "swiss"]
[EventRounds "9"]
[EventCountry "SVK"]
[SourceTitle "EXT 2020"]
[Source "ChessBase"]
[SourceDate "2019.10.17"]
[SourceVersion "1"]
[SourceVersionDate "2019.10.17"]
[SourceQuality "1"]

1. e4 c5 2. Nf3 d6 3. Bb5+ Bd7 4. Bxd7+ Qxd7 5. c4 Nc6 6. d4 cxd4 7. Nxd4 g6 8. b3 Bg7 9. Bb2 Nf6 10. Nc3 0-0 11. 0-0 Nh5 12. Nxc6 Qxc6 13. Nd5 Rae8 14. Bxg7 Kxg7 15. Qd4+ Kg8 16. Rad1 Qc5 17. Rd3 Qxd4 18. Rxd4 f5 19. exf5 Rxf5 20. g4 e5 21. Re4 Nf6 22. gxf5 Nxe4 23. f3 Nd2 24. Rf2 Nb1 25. Nf6+ Kf7 26. Nxe8 Kxe8 27. fxg6 hxg6 28. Rc2 Na3 29. Rc1 b6 30. Kf2 Ke7 31. Ke3 Ke6 32. Kd3 1-0

[Event "Skalica op"]
[Site "Skalica"]
[Date "2019.08.30"]
[Round "8"]
[White "Gresova, Zuzana"]
[Black "Benes, Miroslav"]
[Result "1-0"]
[WhiteElo "2008"]
[BlackElo "2107"]
[PlyCount "123"]
[EventDate "2019.08.25"]
[EventType "swiss"]
[EventRounds "9"]
[EventCountry "SVK"]
[SourceTitle "EXT 2020"]
[Source "ChessBase"]
[SourceDate "2019.10.17"]
[SourceVersion "1"]
[SourceVersionDate "2019.10.17"]
[SourceQuality "1"]

1. d4 Nf6 2. c4 c5 3. d5 b5 4. cxb5 a6 5. bxa6 g6 6. Nc3 Bxa6 7. e4 Bxf1 8. Kxf1 d6 9. Nf3 Bg7 10. g3 0-0 11. Kg2 Qb6 12. a4 Na6 13. Qe2 Nb4 14. Nb5 Rfb8 15. Ra3 Ne8 16. Nd2 Nc7 17. Nc4 Qb7 18. Nxc7 Qxc7 19. a5 Re8 20. Rd1 Rad8 21. Bg5 h6 22. Be3 e6 23. dxe6 fxe6 24. Bf4 Bf8 25. Qg4 Kh7 26. Qh4 Nc2 27. Rc3 Nd4 28. Ne3 Qg7 29. Bg5 Be7 30. f4 Rb8 31. Rd2 Bxg5 32. fxg5 Rf8 33. Ng4 h5 34. Nf6+ Kh8 35. g4 Rb4 36. gxh5 Nf5 37. Qh3 Rxf6 38. gxf6 Qxf6 39. hxg6+ Nh4+ 40. Qxh4+ Qxh4 41. Rh3 Qxh3+ 42. Kxh3 Kg7 43. Rxd6 Rxe4 44. a6 Kxg6 45. Rc6 Ra4 46. Rxe6+ Kf5 47. Rc6 c4 48. Kg3 Ke4 49. h4 Kd5 50. Rf6 Ra2 51. h5 Rxb2 52. h6 Rb8 53. h7 c3 54. a7 Ra8 55. Rh6 Rh8 56. Rg6 Ra8 57. Rg8 c2 58. h8Q c1Q 59. Qh5+ Kc4 60. Qg4+ Kb3 61. Rb8+ Ka2 62. Qe2+ 1-0

[Event "Skalica op"]
[Site "Skalica"]
[Date "2019.08.28"]
[Round "5"]
[White "Londin, Simon"]
[Black "Gresova, Zuzana"]
[Result "1-0"]
[WhiteElo "2038"]
[BlackElo "2008"]
[PlyCount "63"]
[EventDate "2019.08.25"]
[EventType "swiss"]
[EventRounds "9"]
[EventCountry "SVK"]
[SourceTitle "EXT 2020"]
[Source "ChessBase"]
[SourceDate "2019.10.17"]
[SourceVersion "1"]
[SourceVersionDate "2019.10.17"]
[SourceQuality "1"]

1. e4 c5 2. c3 d5 3. exd5 Qxd5 4. d4 Nf6 5. Nf3 Bg4 6. Nbd2 cxd4 7. Bc4 Qd6 8. Qb3 b6 9. Bxf7+ Kd8 10. Nc4 Qc7 11. Nxd4 e5 12. Ne6+ Bxe6 13. Bxe6 Bc5 14. 0-0 Rf8 15. Be3 Nc6 16. Rad1+ Ke7 17. Bxc5+ bxc5 18. Ne3 Rab8 19. Qc4 Na5 20. Nf5+ Ke8 21. Qa4+ Nc6 22. Rfe1 g6 23. Nd6+ Ke7 24. Bd5 Nxd5 25. Rxd5 Rxb2 26. Nc4 Rfxf2 27. Nxb2 Rxb2 28. Rxc5 Kd6 29. Qc4 Qb6 30. Qd5+ Kc7 31. Rxe5 Rb1+ 32. Kf2 1-0

[Event "Skalica op"]
[Site "Skalica"]
[Date "2019.08.25"]
[Round "1"]
[White "Danada, Tomas"]
[Black "Gresova, Zuzana"]
[Result "1/2-1/2"]
[WhiteElo "2266"]
[BlackElo "2008"]
[PlyCount "59"]
[EventDate "2019.08.25"]
[EventType "swiss"]
[EventRounds "9"]
[EventCountry "SVK"]
[SourceTitle "EXT 2020"]
[Source "ChessBase"]
[SourceDate "2019.10.17"]
[SourceVersion "1"]
[SourceVersionDate "2019.10.17"]
[SourceQuality "1"]

1. d4 d5 2. c4 c6 3. Nf3 Nf6 4. Nc3 e6 5. g3 dxc4 6. Bg2 Nbd7 7. a4 Be7 8. 0-0 0-0 9. a5 c5 10. e3 Rb8 11. Qe2 b5 12. axb6 Nxb6 13. Rxa7 Bb7 14. Rd1 Qc8 15. e4 Rd8 16. Be3 Nfd7 17. Bf4 Ra8 18. Rxa8 Bxa8 19. d5 exd5 20. exd5 Bf6 21. d6 Re8 22. Qd2 Bc6 23. Re1 Qa8 24. Nh4 Bxg2 25. Nxg2 h6 26. h4 Bd4 27. Re2 Nf6 28. Qe1 Qc6 29. Ne3 Qd7 30. Ned1 1/2-1/2

[Event "EU-chT U18 Girls"]
[Site "Pardubice"]
[Date "2019.07.16"]
[Round "6.2"]
[White "Hercog, Nusa"]
[Black "Gresova, Zuzana"]
[Result "1-0"]
[WhiteElo "2053"]
[BlackElo "1919"]
[PlyCount "131"]
[EventDate "2019.07.11"]
[EventType "team-swiss"]
[EventRounds "7"]
[EventCountry "CZE"]
[SourceTitle "CBM 191 Extra"]
[Source "ChessBase"]
[SourceDate "2019.09.30"]
[SourceVersion "1"]
[SourceVersionDate "2019.09.30"]
[SourceQuality "1"]
[WhiteTeam "Slovenia U18 Girls"]
[BlackTeam "MS Region U18 Girls"]
[WhiteTeamCountry "SLO"]
[BlackTeamCountry "CZE"]

1. d4 d5 2. c4 c6 3. Nf3 Nf6 4. Nbd2 Bf5 5. e3 e6 6. Be2 Nbd7 7. 0-0 h6 8. b3 Bd6 9. Bb2 Bb8 10. Re1 0-0 11. g3 Re8 12. Nh4 Bh7 13. f4 Ne4 14. Nhf3 f5 15. Nxe4 fxe4 16. Ne5 Bd6 17. c5 Nxe5 18. fxe5 Bc7 19. Bg4 Qe7 20. Qe2 Rf8 21. Rf1 g5 22. Qg2 Kg7 23. Qh3 Bg8 24. b4 a6 25. a4 Rae8 26. Be2 Bh7 27. Bc3 Bf5 28. g4 Bg6 29. Rxf8 Qxf8 30. b5 axb5 31. axb5 cxb5 32. Bxb5 Ra8 33. Rxa8 Qxa8 34. Qf1 Bd8 35. Qa1 Qxa1+ 36. Bxa1 Kf8 37. Bc3 Be8 38. Be2 Bc6 39. Kf2 Ke7 40. Ke1 Kd7 41. Bb4 b6 42. cxb6 Bxb6 43. Bf8 Ke8 44. Bxh6 Bd8 45. h4 gxh4 46. g5 Kf7 47. Bh5+ Kg8 48. Kf2 Be7 49. Kg2 Bf8 50. Bxf8 Kxf8 51. Kh3 Kg7 52. Kxh4 Bb5 53. Kg3 Bd7 54. Kf2 Kf8 55. Ke2 Ke7 56. Kd2 Bb5 57. Kc3 Bf1 58. g6 Kf8 59. Bg4 Kg7 60. Bxe6 Kxg6 61. Bxd5 Kf5 62. Bc4 Bh3 63. e6 Kf6 64. Kb4 Ke7 65. Kc5 Bg4 66. d5 1-0

[Event "Tatry op"]
[Site "Tatranske Zruby"]
[Date "2018.10.03"]
[Round "5"]
[White "Matras, Ondrej"]
[Black "Gresova, Zuzana"]
[Result "1-0"]
[WhiteElo "2224"]
[BlackElo "1900"]
[PlyCount "77"]
[EventDate "2018.09.30"]
[EventType "swiss"]
[EventRounds "9"]
[EventCountry "SVK"]
[SourceTitle "CBM 186 Extra"]
[Source "ChessBase"]
[SourceDate "2018.08.24"]
[SourceVersion "1"]
[SourceVersionDate "2018.08.24"]
[SourceQuality "1"]

1. d4 d5 2. c4 c6 3. Nf3 Nf6 4. Nc3 e6 5. Bg5 dxc4 6. e4 b5 7. e5 h6 8. Bh4 g5 9. Nxg5 hxg5 10. Bxg5 Nbd7 11. exf6 Qc7 12. g3 Bb7 13. Bg2 0-0-0 14. 0-0 a6 15. Qe2 Nb6 16. Bf4 Bd6 17. Be5 c5 18. Bxd6 Qxd6 19. Bxb7+ Kxb7 20. dxc5 Qxc5 21. Rad1 Qf5 22. Qe4+ Qxe4 23. Nxe4 Nd5 24. Rfe1 Rh6 25. h4 Kc7 26. Kg2 Rg8 27. Rh1 Nb4 28. a3 Nd5 29. Rd2 Rgg6 30. Kf3 Nxf6 31. Nxf6 Rxf6+ 32. Kg2 Rfg6 33. Kh3 f5 34. Rhd1 e5 35. Rd7+ Kc6 36. Rf7 Rh5 37. Rd8 a5 38. Ra8 b4 39. Ra6+ 1-0

[Event "Banska Stiavnica V4 op"]
[Site "Banska Stiavnica"]
[Date "2018.07.15"]
[Round "9"]
[White "Gresova, Zuzana"]
[Black "Panko, Radoslav"]
[Result "1/2-1/2"]
[WhiteElo "1900"]
[BlackElo "2049"]
[PlyCount "157"]
[EventDate "2018.07.07"]
[EventType "swiss"]
[EventRounds "9"]
[EventCountry "SVK"]
[SourceTitle "CBM 185 Extra"]
[Source "ChessBase"]
[SourceDate "2018.07.29"]
[SourceVersion "1"]
[SourceVersionDate "2018.07.29"]
[SourceQuality "1"]

1. e4 e6 2. d4 d5 3. Nd2 Nf6 4. e5 Nfd7 5. f4 c5 6. Ngf3 Nc6 7. Nb3 f6 8. Bb5 fxe5 9. fxe5 Be7 10. 0-0 0-0 11. c3 c4 12. Nbd2 Qa5 13. a4 Ndb8 14. Qc2 a6 15. Bxc6 Nxc6 16. b4 Qd8 17. h3 Bd7 18. Nh2 Rxf1+ 19. Ndxf1 Be8 20. Be3 Bg6 21. Qd2 Qe8 22. Ng3 Bd3 23. Ne2 Qg6 24. Nf4 Qf5 25. Nxd3 cxd3 26. Rf1 Qg6 27. Ng4 Bh4 28. Rd1 b5 29. a5 h5 30. Nh2 Ne7 31. Qxd3 Qxd3 32. Rxd3 Nf5 33. Nf3 Be7 34. Bg5 Bf8 35. Nd2 Rc8 36. g3 Kf7 37. Kg2 Kg6 38. Nf3 Rc7 39. g4 hxg4 40. hxg4 Nh6 41. Bxh6 Kxh6 42. Nd2 Kg6 43. Kg3 Be7 44. Rf3 Rc8 45. Nb3 Rh8 46. Rf1 Rc8 47. Rf3 Rh8 48. Nc1 Bh4+ 49. Kg2 Rc8 50. Nd3 Bg5 51. Nc5 Rc6 52. Kf2 Be7 53. Nb3 Rc8 54. Kg2 Kh7 55. Nc1 Bxb4 56. cxb4 Rxc1 57. Rf7 Rc4 58. Ra7 Rxd4 59. Rxa6 Rxg4+ 60. Kf3 Rxb4 61. Rxe6 Ra4 62. a6 Kg8 63. Rb6 Kf7 64. Rd6 d4 65. Ke4 Ke7 66. Rg6 Kf7 67. Rb6 Ke7 68. Rd6 Kf7 69. Kf5 d3 70. e6+ Ke8 71. Rxd3 Rxa6 72. Rc3 Ra1 73. Rc8+ Ke7 74. Rc7+ Ke8 75. Rxg7 Rf1+ 76. Ke5 Re1+ 77. Kd6 Rd1+ 78. Kc5 Re1 79. Kxb5 1/2-1/2

[Event "CZE-chT U18 Extraliga Ost 1718"]
[Site "Czech Republic"]
[Date "2018.01.20"]
[Round "7.5"]
[White "Pilch, David"]
[Black "Gresova, Zuzana"]
[Result "1/2-1/2"]
[WhiteElo "1675"]
[BlackElo "1901"]
[PlyCount "75"]
[EventDate "2017.10.07"]
[EventType "team-tourn"]
[EventRounds "11"]
[EventCountry "CZE"]
[SourceTitle "EXT 2023"]
[Source "ChessBase"]
[SourceDate "2022.10.05"]
[SourceVersion "1"]
[SourceVersionDate "2022.10.05"]
[SourceQuality "1"]
[WhiteTeam "Orlova Slavia (U18)"]
[BlackTeam "Frydek Mistek Interchess (U18)"]
[WhiteTeamCountry "CZE"]
[BlackTeamCountry "CZE"]

1. d4 d5 2. c4 c6 3. Nc3 Nf6 4. e3 e6 5. Nf3 Nbd7 6. Be2 dxc4 7. Bxc4 b5 8. Bd3 b4 9. Ne4 Bb7 10. 0-0 c5 11. Nxf6+ Nxf6 12. Bb5+ Ke7 13. dxc5 Qc7 14. Qd4 a5 15. Rd1 Bxf3 16. gxf3 g6 17. e4 Bg7 18. c6 Rhd8 19. Qc5+ Ke8 20. Bg5 Bf8 21. Qc4 Be7 22. Rd7 Rxd7 23. cxd7+ Kd8 24. Qxc7+ Kxc7 25. Rc1+ Kd8 26. Bxf6 Bxf6 27. b3 Bc3 28. Rd1 Rb8 29. Ba4 Rb6 30. Kg2 Be5 31. h3 Rd6 32. Rxd6 Bxd6 33. Kf1 Be7 34. Ke2 Kc7 35. f4 Kd6 36. Kd3 Kc5 37. f3 f5 38. Ke3 1/2-1/2

[Event "CZE-chT U18 Extraliga Ost 1718"]
[Site "Czech Republic"]
[Date "2017.10.07"]
[Round "2.5"]
[White "Gresova, Zuzana"]
[Black "Vojta, Jakub"]
[Result "0-1"]
[WhiteElo "1901"]
[BlackElo "1944"]
[PlyCount "104"]
[EventDate "2017.10.07"]
[EventType "team-tourn"]
[EventRounds "11"]
[EventCountry "CZE"]
[SourceTitle "EXT 2023"]
[Source "ChessBase"]
[SourceDate "2022.10.05"]
[SourceVersion "1"]
[SourceVersionDate "2022.10.05"]
[SourceQuality "1"]
[WhiteTeam "Frydek Mistek Interchess (U18)"]
[BlackTeam "Vlasim (U18)"]
[WhiteTeamCountry "CZE"]
[BlackTeamCountry "CZE"]

1. d4 d5 2. c4 Nc6 3. Nc3 Nf6 4. cxd5 Nxd5 5. Nf3 Bg4 6. e4 Bxf3 7. gxf3 Nxc3 8. bxc3 e5 9. d5 Ne7 10. Rb1 Qc8 11. Qb3 Rb8 12. Ba3 Ng6 13. Bb5+ Kd8 14. Bxf8 Rxf8 15. h4 h5 16. Qb4 b6 17. Rd1 a5 18. Qc4 Ke7 19. Rd2 Nf4 20. Kd1 Rd8 21. Rg1 g6 22. Rg5 f6 23. Rg1 Rd6 24. Kc2 Ra8 25. a4 Ra7 26. Rh1 Kf7 27. Qf1 Qf8 28. Bc6 Kg7 29. Kb2 Qf7 30. Rc2 Kh6 31. c4 Rd8 32. c5 Qf8 33. Ka2 Rb8 34. cxb6 Rxb6 35. Bb5 Rab7 36. Qc1 Qe7 37. Rc4 Qd6 38. Qc2 g5 39. Rh2 Ng6 40. Qc1 Nf4 41. Qc2 Kg6 42. Rc3 Qb4 43. Rc4 Qe1 44. hxg5 Qg1 45. Rh4 Kxg5 46. Rxf4 exf4 47. Qd2 h4 48. Rc5 Rd6 49. Rc1 Qg2 50. Qd4 Qxf3 51. Rg1+ Kh6 52. e5 Rxd5 0-1

[Event "Banska Stiavnica V4 op"]
[Site "Banska Stiavnica"]
[Date "2017.07.08"]
[Round "1"]
[White "Banas, Jan"]
[Black "Gresova, Zuzana"]
[Result "1/2-1/2"]
[WhiteElo "2215"]
[BlackElo "1873"]
[PlyCount "103"]
[EventDate "2017.07.08"]
[EventType "swiss"]
[EventRounds "9"]
[EventCountry "SVK"]
[SourceTitle "CBM 179 Extra"]
[Source "ChessBase"]
[SourceDate "2017.08.23"]
[SourceVersion "1"]
[SourceVersionDate "2017.08.23"]
[SourceQuality "1"]

1. c4 c6 2. e4 d5 3. exd5 cxd5 4. d4 Nf6 5. Nc3 g6 6. cxd5 Bg7 7. Bb5+ Nbd7 8. d6 0-0 9. dxe7 Re8 10. Nge2 Rxe7 11. 0-0 a6 12. Bxd7 Qxd7 13. Bg5 b5 14. a3 Bb7 15. Qd2 Rd8 16. Rad1 a5 17. b4 axb4 18. axb4 Rc8 19. f3 Rc4 20. d5 Re5 21. Bxf6 Bxf6 22. Ne4 Be7 23. d6 Bxe4 24. fxe4 Bg5 25. Qb2 Rexe4 26. Nc3 Be3+ 27. Kh1 Bd4 28. Rd3 Bxc3 29. Rxc3 Qxd6 30. Ra3 Re8 31. Qf2 Rf4 32. Rf3 Rxf3 33. Qxf3 Rf8 34. Qe4 f5 35. Qe1 Rd8 36. h3 Qf8 37. Qe6+ Qf7 38. Qb6 Qd5 39. Rc1 Rd7 40. Qf6 Rd8 41. Rc5 Qd1+ 42. Kh2 Qd2 43. Qe5 Qxb4 44. Qe6+ Kg7 45. Qe7+ Kh6 46. Qe3+ Kh5 47. Qf3+ Kg5 48. Qg3+ Kh5 49. Qf3+ Kg5 50. Qg3+ Kh5 51. Qf3+ Kg5 52. Qg3+ 1/2-1/2

[Event "Liptovsky Mikulas CupT U20"]
[Site "Liptovsky Mikulas"]
[Date "2017.06.25"]
[Round "8.4"]
[White "Waszczuk, Patrycja"]
[Black "Gresova, Zuzana"]
[Result "1-0"]
[WhiteElo "1774"]
[BlackElo "1859"]
[PlyCount "73"]
[EventDate "2017.06.21"]
[EventType "team-swiss"]
[EventRounds "8"]
[EventCountry "SVK"]
[SourceTitle "CBM 179 Extra"]
[Source "ChessBase"]
[SourceDate "2017.08.23"]
[SourceVersion "1"]
[SourceVersionDate "2017.08.23"]
[SourceQuality "1"]
[WhiteTeam "Krakow Wisla"]
[BlackTeam "Interchess"]
[WhiteTeamCountry "POL"]
[BlackTeamCountry "CZE"]

1. e4 c5 2. Nf3 d6 3. d4 cxd4 4. Nxd4 Nf6 5. Nc3 a6 6. Bg5 Nbd7 7. f4 Qc7 8. Qf3 h6 9. Bh4 g5 10. fxg5 hxg5 11. Bg3 e5 12. Nf5 b5 13. 0-0-0 Bb7 14. Bxb5 axb5 15. Nxb5 Qxc2+ 16. Kxc2 Bxe4+ 17. Kd2 Bxf3 18. gxf3 Rxa2 19. Nbxd6+ Bxd6 20. Nxd6+ Kf8 21. Kc3 Kg7 22. Rhe1 Rh3 23. Nc4 e4 24. fxe4 Nc5 25. Nd6 Rh8 26. b4 Ra3+ 27. Kc4 Na4 28. Be5 Nb6+ 29. Kb5 Nbd7 30. Nf5+ Kh7 31. Rxd7 Nxd7 32. Bxh8 Kxh8 33. Rd1 Nf6 34. Nd6 g4 35. Nxf7+ Kg7 36. Nd6 Re3 37. Nf5+ 1-0

[Event "CZE-chT U18 Extraliga final-A 1617"]
[Site "Czech Republic"]
[Date "2017.04.23"]
[Round "11.5"]
[White "Gresova, Zuzana"]
[Black "Vilimova, Julie"]
[Result "0-1"]
[WhiteElo "1837"]
[BlackElo "1861"]
[PlyCount "44"]
[EventDate "2016.10.01"]
[EventType "team-tourn"]
[EventRounds "11"]
[EventCountry "CZE"]
[SourceTitle "EXT 2022"]
[Source "ChessBase"]
[SourceDate "2021.10.06"]
[SourceVersion "1"]
[SourceVersionDate "2021.10.06"]
[SourceQuality "1"]
[WhiteTeam "Frydek Mistek U18"]
[BlackTeam "Ricany U18"]
[WhiteTeamCountry "CZE"]
[BlackTeamCountry "CZE"]

1. d4 g6 2. c4 Bg7 3. Nc3 d6 4. d5 e5 5. e4 Ne7 6. Bd3 0-0 7. Nge2 f5 8. exf5 Nxf5 9. 0-0 Na6 10. Rb1 Nc5 11. Bc2 Nd7 12. b4 Qh4 13. Ne4 h6 14. Rb3 Qe7 15. c5 Nf6 16. Bb2 Nxe4 17. Bxe4 Bd7 18. Rf3 Rf7 19. Qc2 Raf8 20. Ra3 Bb5 21. Rxa7 Ne3 22. Qd2 Nxf1 0-1

[Event "CZE-chT1E 1617"]
[Site "Czech Republic"]
[Date "2017.03.26"]
[Round "10.2"]
[White "Gresova, Zuzana"]
[Black "Zidek, Vaclav"]
[Result "1/2-1/2"]
[WhiteElo "1837"]
[BlackElo "2175"]
[PlyCount "125"]
[EventDate "2016.10.16"]
[EventType "team-tourn"]
[EventRounds "11"]
[EventCountry "CZE"]
[SourceTitle "CBM 177 Extra"]
[Source "ChessBase"]
[SourceDate "2017.04.27"]
[SourceVersion "1"]
[SourceVersionDate "2017.04.27"]
[SourceQuality "1"]
[WhiteTeam "Frydek Mistek II"]
[BlackTeam "Opava KVS"]
[WhiteTeamCountry "CZE"]
[BlackTeamCountry "CZE"]

1. d4 d5 2. c4 c6 3. Nc3 dxc4 4. a4 e5 5. Nf3 exd4 6. Nxd4 Bc5 7. e3 Bxd4 8. Qxd4 Qxd4 9. exd4 Be6 10. Ne4 Na6 11. Nd6+ Ke7 12. Nxc4 Nb4 13. Na3 Rd8 14. Be3 Nf6 15. Be2 Rhe8 16. 0-0 Nfd5 17. Rac1 Kf8 18. Bd2 Bf5 19. Rfe1 Re6 20. Bc4 Rxe1+ 21. Rxe1 a5 22. Re5 Be6 23. Bc3 Nxc3 24. bxc3 Bxc4 25. Nxc4 Nd5 26. Nxa5 Nxc3 27. Nxb7 Rxd4 28. g3 Nxa4 29. Na5 f6 30. Re6 c5 31. Rc6 Rb4 32. Rc7 h5 33. Nc6 Rb1+ 34. Kg2 c4 35. Nd4 c3 36. Ne6+ Kg8 37. Rxg7+ Kh8 38. Rc7 Rb2 39. Nf4 Rb5 40. Ne2 Rb3 41. Nd4 Rb4 42. Ne2 Rb3 43. Nf4 Rb5 44. Rc4 Ra5 45. Ne2 Kg7 46. Nxc3 Nxc3 47. Rxc3 Kg6 48. Kh3 Ra2 49. f4 Rb2 50. Rc1 Kf5 51. Rh1 Kg6 52. Kh4 Ra2 53. h3 Ra3 54. Rb1 Ra5 55. Rb6 Rc5 56. g4 hxg4 57. hxg4 Kg7 58. f5 Rc1 59. Rb7+ Kh6 60. Rf7 Rc6 61. Re7 Rc1 62. Rf7 Rc6 63. Re7 1/2-1/2

[Event "CZE-ch U16 Girls"]
[Site "Kouty nad Desnou"]
[Date "2017.03.12"]
[Round "2"]
[White "Encinas, Michelle Diane"]
[Black "Gresova, Zuzana"]
[Result "0-1"]
[WhiteElo "1406"]
[BlackElo "1801"]
[PlyCount "74"]
[EventDate "2017.03.11"]
[EventType "swiss"]
[EventRounds "9"]
[EventCountry "CZE"]
[SourceTitle "CBM 177 Extra"]
[Source "ChessBase"]
[SourceDate "2017.04.27"]
[SourceVersion "1"]
[SourceVersionDate "2017.04.27"]
[SourceQuality "1"]

1. e4 c5 2. d4 cxd4 3. c3 dxc3 4. Nxc3 Nc6 5. Bc4 e6 6. Nf3 Nge7 7. Bg5 f6 8. Be3 a6 9. 0-0 b5 10. Bb3 Ng6 11. Nd4 Bb7 12. f4 Nxd4 13. Qxd4 Rc8 14. f5 Bc5 15. Qd2 Qb6 16. Bxc5 Rxc5 17. Qf2 Ne5 18. fxe6 dxe6 19. Bxe6 Nd3 20. Qd4 Qxe6 21. Qxd3 0-0 22. Rad1 Re8 23. Rfe1 Re5 24. Qd6 Qg4 25. Rd4 f5 26. Re3 fxe4 27. Qb6 Qf4 28. Re1 Rf8 29. Rdd1 Ref5 30. Qe6+ Kh8 31. Ne2 Qf2+ 32. Kh1 Qxe2 33. Qxf5 Qxe1+ 34. Rxe1 Rxf5 35. Kg1 Kg8 36. Rd1 Rd5 37. Rc1 Rd7 0-1

[Event "CZE-chT U18 Extraliga Ost 1617"]
[Site "Czech Republic"]
[Date "2017.01.21"]
[Round "7.5"]
[White "Prochazka, Ludvik"]
[Black "Gresova, Zuzana"]
[Result "0-1"]
[WhiteElo "1642"]
[BlackElo "1837"]
[PlyCount "126"]
[EventDate "2016.10.01"]
[EventType "team-tourn"]
[EventRounds "11"]
[EventCountry "CZE"]
[SourceTitle "EXT 2022"]
[Source "ChessBase"]
[SourceDate "2021.10.06"]
[SourceVersion "1"]
[SourceVersionDate "2021.10.06"]
[SourceQuality "1"]
[WhiteTeam "Hostalkova U18"]
[BlackTeam "Frydek Mistek U18"]
[WhiteTeamCountry "CZE"]
[BlackTeamCountry "CZE"]

1. e4 c5 2. Nf3 d6 3. d4 cxd4 4. Nxd4 Nf6 5. Nc3 a6 6. Bg5 e6 7. f4 Qb6 8. Qd2 Qxb2 9. Rb1 Qa3 10. Be2 Nbd7 11. 0-0 Be7 12. Bf3 0-0 13. e5 dxe5 14. fxe5 Nxe5 15. Bxb7 Bxb7 16. Rxb7 Rab8 17. Rxb8 Rxb8 18. Nb3 Rd8 19. Qf4 Ng6 20. Qc7 Qd6 21. Qxd6 Rxd6 22. Kh1 Rc6 23. Bd2 Ne5 24. Nd4 Rc4 25. Nce2 Ne4 26. Be3 Bf6 27. Rc1 h6 28. h3 Ra4 29. Rb1 Nc4 30. Rb8+ Kh7 31. Bg1 Rxa2 32. Rb7 Ncd6 33. Rd7 a5 34. c4 e5 35. Nc1 Ra4 36. c5 Ng3+ 37. Kh2 Nf1+ 38. Kh1 Ne4 39. Nf5 Kg6 40. g4 Rc4 41. Ne2 a4 42. Ra7 Nfd2 43. c6 Rxc6 44. Rxa4 Ng5 45. Kg2 Rc2 46. h4 Ngf3 47. h5+ Kh7 48. Ra7 Ng5 49. Kf2 Rc4 50. Ne3 Re4 51. Kg2 Bd8 52. Ng3 Rb4 53. Rd7 Rd4 54. Rb7 Ndf3 55. Ngf5 Rd2+ 56. Bf2 e4 57. Nf1 Rc2 58. N1e3 Rd2 59. Nf1 Ra2 60. N1e3 Ne1+ 61. Kg3 Nd3 62. Bg1 Bf6 63. Nc4 Bc3 0-1

[Event "CZE-chT U18 Extraliga Ost 1617"]
[Site "Czech Republic"]
[Date "2016.10.01"]
[Round "1.4"]
[White "Gresova, Zuzana"]
[Black "Vitova, Anna"]
[Result "0-1"]
[WhiteElo "1837"]
[BlackElo "1707"]
[PlyCount "86"]
[EventDate "2016.10.01"]
[EventType "team-tourn"]
[EventRounds "11"]
[EventCountry "CZE"]
[SourceTitle "EXT 2022"]
[Source "ChessBase"]
[SourceDate "2021.10.06"]
[SourceVersion "1"]
[SourceVersionDate "2021.10.06"]
[SourceQuality "1"]
[WhiteTeam "Frydek Mistek U18"]
[BlackTeam "Jicin U18"]
[WhiteTeamCountry "CZE"]
[BlackTeamCountry "CZE"]

1. e4 c5 2. Nf3 d6 3. d4 cxd4 4. Nxd4 Nf6 5. Nc3 a6 6. Be2 e6 7. 0-0 Be7 8. a4 Qc7 9. Kh1 b6 10. f4 Bb7 11. Bf3 Nbd7 12. Qe2 0-0 13. g4 h6 14. h4 Nh7 15. g5 hxg5 16. hxg5 Rfe8 17. Qh2 Qc4 18. Be3 Ndf8 19. Kg2 Rac8 20. Rh1 Qb4 21. Rab1 Rc4 22. Qg1 Ng6 23. Rxh7 Kxh7 24. Qh2+ Kg8 25. Rh1 Bxg5 26. fxg5 Rxd4 27. Bxd4 Qxd4 28. Rd1 Qb4 29. Qxd6 Qxb2 30. Qd7 Rf8 31. Qd2 Rc8 32. Ne2 Rxc2 33. Qe3 Nf4+ 34. Qxf4 Rxe2+ 35. Kg3 Rh2 36. Qb8+ Kh7 37. Rh1 Qf2+ 38. Kf4 Qh4+ 39. Ke3 Qxg5+ 40. Qf4 Qc5+ 41. Kd3 Qc2+ 42. Kd4 e5+ 43. Kxe5 Qc5# 0-1

[Event "EU-ch U14 Girls 26th"]
[Site "Prague"]
[Date "2016.08.27"]
[Round "9"]
[White "Rubsamen, Anais"]
[Black "Gresova, Zuzana"]
[Result "1/2-1/2"]
[WhiteElo "1578"]
[BlackElo "1810"]
[PlyCount "81"]
[EventDate "2016.08.18"]
[EventType "swiss"]
[EventRounds "9"]
[EventCountry "CZE"]
[SourceTitle "CBM 174 Extra"]
[Source "ChessBase"]
[SourceDate "2016.10.10"]
[SourceVersion "1"]
[SourceVersionDate "2016.10.10"]
[SourceQuality "1"]

1. Nf3 d5 2. g3 c6 3. Bg2 Bg4 4. 0-0 Nd7 5. d3 e6 6. Nbd2 Bd6 7. b3 Ne7 8. Bb2 0-0 9. c4 Re8 10. Rc1 a5 11. Re1 Qb8 12. Qc2 a4 13. Ba1 axb3 14. axb3 Bb4 15. Rf1 Ra6 16. h3 Bh5 17. Rb1 Qa7 18. Bb2 Ra8 19. Ra1 Qb6 20. Rxa6 Rxa6 21. Bc3 h6 22. Qb2 Bxc3 23. Qxc3 Qa5 24. Qxa5 Rxa5 25. Rb1 Ra2 26. Bf1 Nc8 27. b4 Nd6 28. cxd5 exd5 29. Kg2 Nb5 30. e3 Bg6 31. Rb3 Nb6 32. e4 d4 33. Rb1 Na4 34. Nc4 Nac3 35. Rb2 Rxb2 36. Nxb2 Na2 37. Nc4 Nxb4 38. Na5 f6 39. Nxb7 Bh5 40. g4 Bf7 41. Nc5 1/2-1/2

[Event "EU-ch U14 Girls 26th"]
[Site "Prague"]
[Date "2016.08.21"]
[Round "4"]
[White "Gresova, Zuzana"]
[Black "Zotova, Anastasia"]
[Result "0-1"]
[WhiteElo "1810"]
[BlackElo "2137"]
[PlyCount "88"]
[EventDate "2016.08.18"]
[EventType "swiss"]
[EventRounds "9"]
[EventCountry "CZE"]
[SourceTitle "CBM 174 Extra"]
[Source "ChessBase"]
[SourceDate "2016.10.10"]
[SourceVersion "1"]
[SourceVersionDate "2016.10.10"]
[SourceQuality "1"]

1. e4 c5 2. Nf3 d6 3. d4 cxd4 4. Nxd4 Nf6 5. Nc3 a6 6. Be2 e5 7. Nb3 Be7 8. 0-0 0-0 9. Kh1 b6 10. Be3 Bb7 11. f3 b5 12. a3 Nbd7 13. Qe1 Qc7 14. Rd1 Rac8 15. Qf2 Nc5 16. Nxc5 dxc5 17. Rd2 Rfd8 18. Rfd1 Rxd2 19. Rxd2 Qa5 20. Qg1 h6 21. Qd1 b4 22. axb4 cxb4 23. Nd5 Nxd5 24. exd5 Bd6 25. Bd3 Qa2 26. c4 bxc3 27. bxc3 Qa3 28. c4 Bxd5 29. Bc2 Qxe3 30. Rxd5 Bf8 31. Bd3 Ra8 32. Ra5 Bb4 33. Be4 Bxa5 34. Bxa8 Qf2 35. h3 g6 36. Qa4 Qe1+ 37. Kh2 Bb6 38. c5 Bxc5 39. h4 Bd6 40. Qe8+ Kg7 41. Qd8 Bc5 42. Bd5 Be3 43. Qe7 Bf4+ 44. Kh3 Qg3# 0-1